£145 million boost to help communities tackle empty homes (Record no. 84044)

MARC details
000 -LEADER
fixed length control field 00869cad a22001935a 4500
001 - CONTROL NUMBER
control field L156506
008 - FIXED-LENGTH DATA ELEMENTS--GENERAL INFORMATION
fixed length control field 120530e2012 xxk 000 0 eng d
035 ## - SYSTEM CONTROL NUMBER
System control number (Sirsi) u156506
041 0# - LANGUAGE CODE
Language code of text/sound track or separate title eng
245 00 - TITLE STATEMENT
Title £145 million boost to help communities tackle empty homes
Medium [electronic resource]
260 ## - PUBLICATION, DISTRIBUTION, ETC.
Date of publication, distribution, etc. 2012
490 ## - SERIES STATEMENT
Series statement DCLG Press Notice
Volume/sequential designation 29 May 2012
520 ## - SUMMARY, ETC.
Summary, etc. 20 successful councils will receive a share of £60 million from the Clusters of Empty Homes Fund to tackle groups of empty homes and voluntary and community groups across the country will receive over £25 million to tackle individual empty properties in their area
590 ## - LOCAL NOTE (RLIN)
Local note KA NTK
651 #4 - SUBJECT ADDED ENTRY--GEOGRAPHIC NAME
Geographic name England
Chronological subdivision 886-
690 ## - LOCAL SUBJECT ADDED ENTRY--TOPICAL TERM (OCLC, RLIN)
Topical term or geographic name as entry element Residential property
9 (RLIN) 6266
856 40 - ELECTRONIC LOCATION AND ACCESS
Uniform Resource Identifier <a href="https://www.communities.gov.uk/news/newsroom/2152954">https://www.communities.gov.uk/news/newsroom/2152954</a>
Public note View this item free of charge at www.communities.gov.uk
942 ## - ADDED ENTRY ELEMENTS (KOHA)
Suppress in OPAC 0
Holdings
Withdrawn status Lost status Source of classification or shelving scheme Damaged status Not for loan Home library Current library Shelving location Date acquired Total Checkouts Full call number Barcode Date last seen Copy number Price effective from Koha item type
    Dewey Decimal Classification     Virtual Virtual Online 30/05/2012   ONLINE PUBLICATION 156506-2001 06/08/2019 1 06/08/2019 Journal article